| 000 | 00660nam a2200241Ia 4500 | ||
|---|---|---|---|
| 005 | 20260121112756.0 | ||
| 008 | 8704 260114s9999 xx 000 0 eng d | ||
| 020 | _a9789812795588 | ||
| 037 | _aEBOOK | ||
| 040 |
_aCRL _beng _cCRL |
||
| 041 |
_aeng _2eng |
||
| 084 | _qCRL | ||
| 100 |
_aJuristo Natalia & Moreno Ana M _9963031 |
||
| 245 | 0 | _aLecture Notes on Empirical Software Engineering | |
| 260 | _bWorld Scientific | ||
| 260 | _bWSPC | ||
| 260 | _c2003 | ||
| 650 |
_aComputer Science _9963032 |
||
| 856 | _uhttps://www.worldscientific.com/worldscibooks/10.1142/4930#t=toc | ||
| 942 | _cEBOOK | ||
| 999 |
_c1546004 _d1546004 |
||